Gand kunddar / (Record no. 8151)
[ view plain ]
| 000 -LEADER | |
|---|---|
| fixed length control field | 00403cam a2200169ua 4500 |
| 041 ## - LANGUAGE CODE | |
| Language code of text/sound track or separate title | hin |
| 082 ## - DEWEY DECIMAL CLASSIFICATION NUMBER | |
| Classification number | 891.54 |
| Item number | VRI/GA |
| 100 ## - MAIN ENTRY--AUTHOR NAME | |
| Personal name | Vrindavan Lal, Varma . |
| 245 ## - TITLE STATEMENT | |
| Title | Gand kunddar / |
| 260 ## - PUBLICATION, DISTRIBUTION, ETC. (IMPRINT) | |
| Place of publication | : |
| Name of publisher | Ganga Pustakamala Karyalay. |
| 300 ## - PHYSICAL DESCRIPTION | |
| Number of Pages | 424 ; . |
| 942 ## - ADDED ENTRY ELEMENTS (KOHA) | |
| Koha item type | Books |
| Withdrawn status | Lost status | Damaged status | Home library | Current library | Date acquired | Full call number | Accession Number | Koha item type | Public note |
|---|---|---|---|---|---|---|---|---|---|
| Withdrawn | KAUAET | Sanskrit University | 07/04/2012 | 891.54 | 6297 | Books | Transferred to Sanskrit University |
